Mortgages & investment planning. (Record no. 2541)
[ view plain ]
| 000 -LEADER | |
|---|---|
| fixed length control field | 00919nhm a22001935a 4500 |
| 020 ## - INTERNATIONAL STANDARD BOOK NUMBER | |
| ISBN | 0852975481 |
| 022 ## - INTERNATIONAL STANDARD SERIAL NUMBER | |
| ISSN | 9780852975480 |
| 050 ## - CALL NUMBER | |
| Item number | HG2040.45 |
| 100 ## - AUTHOR | |
| Personal name | keith Popplewell |
| 245 ## - TITLE | |
| Title | Mortgages & investment planning. |
| Statement of responsibility, etc | keith Popplewell |
| 260 ## - PUBLICATION INFORMATION | |
| Place of publication | Canterbury |
| Name of publisher | : Institute of Financial Services |
| Year of publication | 2000 |
| 300 ## - DESCRIPTION | |
| Number of Pages | Mortgages & investment planning. |
| 440 ## - SERIES | |
| SERIES | Streetwise. |
| 500 ## - NOTES | |
| General note | includes index |
| 505 ## - FORMATTED CONTENTS NOTE | |
| Table of Content | Introduction v<br/>Reasons for borrowing 1<br/>The house buying process 15<br/>Checking status 43<br/>Mortgage interest options 62<br/>Repayment mortgages 87<br/>Interest-only mortgages 99<br/>Pension mortgages 117<br/>Comparison of different methods of repayment 129<br/>Insurances 142<br/>How policies and investments are written 160<br/>Remortgages, capital raising. Home income plans 170<br/>Index 187 |
| 650 ## - SUBJECTS | |
| Topical Term | Mortgages -- Great Britain. |
| General subdivision | investments. |
| 700 ## - OTHER AUTHORS | |
| Personal name | Popplewell |
| 942 ## - ADDED ENTRY ELEMENTS (KOHA) | |
| Koha item type | Books |
| Withdrawn status | Lost status | Collection code | Home library | Current library | Shelving location | Date acquired | Full call number | Accession Number | Koha item type |
|---|---|---|---|---|---|---|---|---|---|
| Reference | Methodist University Library Main | Methodist University Library Main | General Stacks | 16/02/2015 | HG2040.45 | 30187 | Books |